BIBLIOTHÈQUE DE LA MAISON DU MEXIQUE

Logo 1 Logo 2

El reparto de tierras y la política agraria en Chiapas (notice nᵒ 6216)

détails MARC
000 -Sello discográfico
campo de control de longitud fija 00958nam a2200277 4500
005 - Identificación de versión
campo de control 20251016084614.0
010 ## - Número Estándar Internacional de Libros (ISBN)
Número (ISBN) 968-36-2273-9
099 ## - fechas locales
Tipo de ítem Koha LIBRO
100 ## - Datos de procesamiento general
Datos de procesamiento general 20221017d1992 m y1spay5003 ba
105 ## - Campo de datos codificados: Material textual, monográfico
Datos codificados de monografía a 001zy
200 1# - Título y mención de responsabilidad
Título propio El reparto de tierras y la política agraria en Chiapas
Designación general del material texto impreso
Otra información del título 1914-1988
Primer mención de responsabilidad María Eugenia Reyes Ramos
205 ## - Declaración de edición
Declaración de edición 1a ed
210 ## - Publicación, distribución, etc.
Lugar de publicación, distribución, etc. México
Nombre del editor, distribuidor, etc. Universidad Nacional Autónoma de México, Centro de Investigaciones Humanísticas de Mesoamérica y del Estado de Chiapas
Fecha de publicación, distribución, etc. 1992
215 ## - Descripción física
Designación de material específico y extensión del ítem 161 p
Otras características físicas mapas
Dimensiones 23 cm
345 ## - Nota de información de adquisición
Fuente de adquisición/dirección de la suscripción [OBSOLETO] Donación Alain Musset
606 ## - Término temático usado como materia
Elemento de entrada Reforma agraria
Subdivisión geográfica México
Subdivisión temática Historia
Número Koha 4429
660 ## - Código de área geográfica
Código MX
700 ## - Nombre personal - Responsabilidad primaria
Elemento de entrada Reyes Ramos
Parte del nombre distinta del elemento de entrada María Eugenia
Número Koha 11804
801 #0 - Fuente de origen
País FR
Agencia cm
Reglas de catalogación (convenciones descriptivas) AFNOR
900 ## -
-- 1/21790
900 ## -
-- 7100417642\080104
942 ## - ELEMENTOS DE ENTRADA SECUNDARIOS (KOHA)
Tipo de ítem Koha Livre
996 ## -
-- MEX
-- 751145101
-- MMAG
-- 006923
-- 333.14 R457RE
-- 20221017LIV
Exemplaires
Estatus retirado Estado de daño Estado de pérdida Fecha de adquisición Biblioteca de origen Biblioteca actual Ubicación en estantería Código de barras Precio de reemplazo Signatura topográfica completa No para préstamo Tipo de ítem Koha Nota pública Nota no pública
      05/08/2025 Casa México Paris Casa México Paris   006923 05/08/2025 333.14 R457RE   Livre 20221017LIV 751145101